[Event "Winter Tournament 2016/17 1500-2400"]
[Site "SchemingMind.com"]
[Date "2016.12.17"]
[Round "-"]
[White "fanfan_la_Tulipe"]
[Black "David Perna-Fraser"]
[Result "0-1"]
[WhiteCountry "AUT"]
[BlackCountry "CAN"]
[WhiteElo "2049"]
[WhiteRD "78"]
[BlackElo "2290"]
[BlackRD "74"]
[GameID "408130"]

1. Nf3 Nf6 2. c4 e6 3. g3 b6 4. Bg2 Bb7 5. O-O Be7 6. Nc3 O-O 7. d4 Ne4 8. Bd2 f5 9. Qc2 Bf6 10. Rad1 Nxc3
11. Bxc3 d6 12. Nd2 Bxg2 13. Kxg2 Qd7 14. e4 fxe4 15. Nxe4 d5 16. Nxf6+ Rxf6 17. Qe2 Nc6 18. f4 Ne7 19. Rfe1 Rg6 20. c5 Nf5
21. b4 Qa4 22. Qd2 h5 23. Kf3 a5 24. bxa5 bxc5
0-1

[Event "Winter Tournament 2016/17 1500-2400"]
[Site "SchemingMind.com"]
[Date "2016.12.17"]
[Round "-"]
[White "David Perna-Fraser"]
[Black "fanfan_la_Tulipe"]
[Result "1-0"]
[WhiteCountry "CAN"]
[BlackCountry "AUT"]
[WhiteElo "2290"]
[WhiteRD "74"]
[BlackElo "2049"]
[BlackRD "78"]
[GameID "408131"]

1. e4 e5 2. Nf3 Nc6 3. Bc4 Nf6 4. d4 exd4 5. e5 d5 6. Bb5 Ne4 7. Nxd4 Bc5 8. Be3 Bd7 9. Bxc6 bxc6 10. Nd2 Qh4
11. O-O O-O 12. f4 Nxd2 13. Qxd2 Bb6 14. Rae1 Rfe8 15. a4 a5 16. Nb3 f6 17. Bxb6 cxb6 18. Nd4 fxe5 19. fxe5 Qg4 20. c3 Rad8
21. Rf4 Qg6 22. e6 Bxe6 23. Nxc6 Rc8 24. Ne5
1-0

[Event "Winter Tournament 2016/17 1500-2400"]
[Site "SchemingMind.com"]
[Date "2016.12.17"]
[Round "-"]
[White "fu_manchu"]
[Black "David Perna-Fraser"]
[Result "0-1"]
[WhiteCountry "CAN"]
[BlackCountry "CAN"]
[WhiteElo "1867"]
[WhiteRD "69"]
[BlackElo "2328"]
[BlackRD "74"]
[GameID "408132"]

1. d4 Nf6 2. c4 e6 3. Nf3 Bb4+ 4. Bd2 Bxd2+ 5. Qxd2 b6 6. Nc3 Bb7 7. g3 O-O 8. Bg2 d6 9. O-O Nbd7 10. Rfe1 Ne4
11. Nxe4 Bxe4 12. Nh4 Bxg2 13. Nxg2 e5 14. dxe5 Nxe5 15. Qc3 Qd7 16. Nf4 Rae8 17. e4 Qc6 18. Rac1 f5 19. Nd5 fxe4 20. Rxe4 Nf3+
0-1

[Event "Winter Tournament 2016/17 1500-2400"]
[Site "SchemingMind.com"]
[Date "2016.12.17"]
[Round "-"]
[White "David Perna-Fraser"]
[Black "fu_manchu"]
[Result "1-0"]
[WhiteCountry "CAN"]
[BlackCountry "CAN"]
[WhiteElo "2306"]
[WhiteRD "77"]
[BlackElo "1874"]
[BlackRD "68"]
[GameID "408133"]

1. e4 c5 2. Nf3 d6 3. d4 cxd4 4. Nxd4 Nf6 5. Nc3 a6 6. f3 e5 7. Nb3 Be7 8. Be3 O-O 9. Qd2 Be6 10. O-O-O Nc6
11. g4 Bxb3 12. axb3 b5 13. g5 Nh5 14. Nd5 Nd4 15. Bxd4 exd4 16. f4 g6 17. Be2 Ng7 18. Qxd4 Re8 19. Nxe7+ Rxe7 20. h4 Nf5
21. exf5 Rxe2 22. fxg6 fxg6 23. Qd5+ Kh8 24. Qxd6 Qxd6 25. Rxd6 Rc8 26. c3 b4 27. Rhd1 bxc3 28. Rd8+ Rxd8 29. Rxd8+ Kg7 30. bxc3 Re4
31. Rd4 Re1+ 32. Kd2 Rh1 33. Rd7+ Kg8 34. c4
1-0

[Event "Winter Tournament 2016/17 1500-2400"]
[Site "SchemingMind.com"]
[Date "2016.12.17"]
[Round "-"]
[White "Stephen Woodhouse"]
[Black "David Perna-Fraser"]
[Result "0-1"]
[WhiteCountry "ENG"]
[BlackCountry "CAN"]
[WhiteElo "1924"]
[WhiteRD "53"]
[BlackElo "2328"]
[BlackRD "74"]
[GameID "408134"]

1. e4 e5 2. Nf3 Nf6 3. d4 Nxe4 4. Bd3 d5 5. Nxe5 Nd7 6. Nxd7 Bxd7 7. O-O Bd6 8. c4 c6 9. cxd5 cxd5 10. Nc3 Nxc3
11. bxc3 O-O 12. Qh5 f5 13. Qf3 Kh8 14. Bf4 Qc7 15. Bxd6 Qxd6 16. Bc2 Rae8 17. Rfe1 g6 18. Bb3 Bc6 19. Re2 Rxe2 20. Qxe2 Re8
21. Qd2 Qe6 22. f3 Bb5 23. Rc1 Kg7 24. Kf2 Qf6 25. c4 dxc4 26. Bxc4 Bxc4 27. Rxc4 Qh4+ 28. Kf1 Qxh2 29. d5 Qe5 30. d6 Rd8
31. d7 Qb5 32. Qc3+ Kf7 33. Kg1 Rxd7 34. Kh2 Qd5 35. Kh3 Qe6 36. Rc8 g5 37. g3 g4+
0-1

[Event "Winter Tournament 2016/17 1500-2400"]
[Site "SchemingMind.com"]
[Date "2016.12.17"]
[Round "-"]
[White "David Perna-Fraser"]
[Black "Stephen Woodhouse"]
[Result "1-0"]
[WhiteCountry "CAN"]
[BlackCountry "ENG"]
[WhiteElo "2328"]
[WhiteRD "74"]
[BlackElo "1924"]
[BlackRD "53"]
[GameID "408135"]

1. e4 e6 2. d4 d5 3. e5 c5 4. c3 Nc6 5. Nf3 Bd7 6. Be2 Rc8 7. O-O Nge7 8. Na3 Nf5 9. Nc2 Be7 10. Bd3 cxd4
11. Bxf5 exf5 12. Ncxd4 Nxd4 13. Nxd4 O-O 14. Qf3 Be6 15. Nxf5 Bxf5 16. Qxf5 g6 17. Qf3 Qb6 18. Qxd5 Rfd8 19. Qe4 Rc6 20. Qc2 Re6
21. Be3 Bc5 22. Bf4 Rd5 23. Rfd1 Rxd1+ 24. Rxd1 Re8 25. b4 Be7 26. Qa4
1-0

[Event "Winter Tournament 2016/17 1500-2400"]
[Site "SchemingMind.com"]
[Date "2016.12.18"]
[Round "-"]
[White "greghghs"]
[Black "David Perna-Fraser"]
[Result "1/2-1/2"]
[WhiteCountry "ENG"]
[BlackCountry "CAN"]
[WhiteElo "2247"]
[WhiteRD "70"]
[BlackElo "2278"]
[BlackRD "73"]
[GameID "408136"]

1. d4 Nf6 2. c4 e6 3. Nf3 Bb4+ 4. Bd2 Bxd2+ 5. Qxd2 b6 6. g3 Ba6 7. b3 c6 8. Bg2 d5 9. O-O O-O 10. Rc1 Nbd7
11. a4 Rc8 12. a5 b5 13. c5 Ne4 14. Qd3 f5 15. b4 Qf6 16. Nc3 e5 17. Nxe5 Nxe5 18. dxe5 Qxe5 19. f3 Nxc3 20. Rxc3 f4
21. gxf4 Rxf4 22. e4 Rcf8 23. exd5 Rxb4 24. Rd1 Rb2 25. Qe3 Qh5 26. Qe6+ Kh8 27. Re3 Qg5 28. Re2 Rxe2 29. Qxe2 cxd5 30. c6 Qf6
31. Rxd5 Qxc6 32. Qe7 Rg8 33. Rd8 b4 34. Rxg8+ Kxg8 35. Qxb4=
1/2-1/2

[Event "Winter Tournament 2016/17 1500-2400"]
[Site "SchemingMind.com"]
[Date "2016.12.17"]
[Round "-"]
[White "David Perna-Fraser"]
[Black "greghghs"]
[Result "0-1"]
[WhiteCountry "CAN"]
[BlackCountry "ENG"]
[WhiteElo "2263"]
[WhiteRD "74"]
[BlackElo "2298"]
[BlackRD "68"]
[GameID "408137"]

1. e4 e5 2. Nf3 Nc6 3. Bc4 Nf6 4. d4 exd4 5. e5 d5 6. Bb5 Nd7 7. O-O Be7 8. Bxc6 bxc6 9. Nxd4 Nb8 10. Nc3 O-O
11. Qf3 Re8 12. Re1 Qd7 13. Bf4 Na6 14. Qg3 Nc5 15. Bh6 Bf8 16. f3 Ne6 17. Be3 c5 18. Nxe6 Rxe6 19. Bf2 Bb7 20. b3 Rg6
21. Qf4 Rd8 22. Rad1 Be7 23. Ne4 Qc6 24. Bh4 Bxh4 25. Qxh4 Re8 26. Ng3 a5 27. Qf4 a4 28. bxa4 Qa6 29. Nf5 h6 30. c3 Qa5
31. Re3 c4 32. Rd2 Bc8 33. Ng3 Be6 34. Rb2 c5 35. Rb5 Qxa4 36. Rxc5 Rxg3 37. hxg3 Qd1+ 38. Kh2 Rb8 39. Rxd5 Qxd5 40. Qd4 Qxd4
41. cxd4 Rb2 42. Ra3 Rd2 43. Ra8+ Kh7 44. a4 c3 45. Ra5 Rxd4 46. Rc5 Rc4
0-1

[Event "Winter Tournament 2016/17 1500-2400"]
[Site "SchemingMind.com"]
[Date "2016.12.17"]
[Round "-"]
[White "David Perna-Fraser"]
[Black "Supernova"]
[Result "1-0"]
[WhiteCountry "CAN"]
[BlackCountry "FRA"]
[WhiteElo "2306"]
[WhiteRD "77"]
[BlackElo "1595"]
[BlackRD "110"]
[GameID "408138"]

1. e4 e5 2. Nf3 Nf6 3. Nxe5 d6 4. Nf3 Nxe4 5. Nc3 Nf6 6. d4 d5 7. Bd3 Be7 8. O-O O-O 9. Re1 Bg4 10. h3 Bxf3
11. Qxf3 Re8 12. Bg5 c6 13. Re3 Nbd7 14. Rae1 a5 15. Bf5 b5 16. Qe2 b4 17. Bxd7 Ne4 18. Nxe4 dxe4 19. Bxe7 Qxd7 20. Rxe4 Ra7
21. Bc5 Rxe4 22. Qxe4 Ra8 23. Qe7 Qxe7 24. Rxe7 h6 25. Ra7 Re8 26. Rxa5 Re2 27. Bxb4 Rxc2 28. Bc3 Re2 29. Re5 Rxe5 30. dxe5 Kf8
31. a4 Ke8 32. a5 Kd8 33. b4 Kc7 34. e6 fxe6 35. Bxg7 h5 36. g4 hxg4 37. hxg4
1-0

[Event "Winter Tournament 2016/17 1500-2400"]
[Site "SchemingMind.com"]
[Date "2016.12.17"]
[Round "-"]
[White "Supernova"]
[Black "David Perna-Fraser"]
[Result "0-1"]
[WhiteCountry "FRA"]
[BlackCountry "CAN"]
[WhiteElo "1595"]
[WhiteRD "110"]
[BlackElo "2306"]
[BlackRD "77"]
[GameID "408139"]

1. e4 e5 2. Bc4 Nf6 3. Nc3 Nxe4 4. Nxe4 d5 5. Bxd5 Qxd5 6. f3 Nc6 7. Ne2 f5 8. Nf2 Be6 9. O-O O-O-O 10. b3 h5
11. d3 Be7 12. Bb2 g5 13. c4 Qd7 14. Kh1 Bc5 15. Nc1 g4 16. a3 Bd4 17. Ra2 Rh7 18. fxg4 hxg4 19. g3 Rdh8 20. h4 gxh3
21. Kh2 f4 22. gxf4 exf4 23. Bxd4 Nxd4 24. Ne4 Qg7 25. Rff2 f3 26. Ng3 Qe5 27. Qg1 Rg7 28. Rad2 Rhg8 29. b4 Rxg3
0-1

[Event "Winter Tournament 2016/17 1500-2400"]
[Site "SchemingMind.com"]
[Date "2016.12.17"]
[Round "-"]
[White "David Perna-Fraser"]
[Black "Janusz Szopa"]
[Result "1-0"]
[WhiteCountry "CAN"]
[BlackCountry "POL"]
[WhiteElo "2242"]
[WhiteRD "72"]
[BlackElo "2236"]
[BlackRD "71"]
[GameID "408140"]

1. e4 e6 2. d4 d5 3. exd5 exd5 4. Nf3 Bd6 5. Bd3 Nf6 6. O-O O-O 7. Re1 Nc6 8. c3 Re8 9. Bg5 Rxe1+ 10. Qxe1 Bg4
11. Nbd2 h6 12. Bh4 g5 13. Bg3 Bxg3 14. hxg3 Qd6 15. Qc1 Re8 16. Nf1 Bh5 17. Ne3 Bg6 18. Qc2 Bxd3 19. Qxd3 Qd7 20. b4 Ne4
21. g4 Ne7 22. Ne5 Qe6 23. Re1 f6 24. Nf3 c6 25. a4 Kf8 26. b5 Qd7 27. bxc6 bxc6 28. Qc2 Kg8 29. c4 Kg7 30. Rb1 Rh8
31. Rb4 Nd6 32. c5 Nc4 33. Nxc4 dxc4 34. Qxc4 Nd5 35. Rb3 Re8 36. Qa6 Re7 37. Rb8 Kg6 38. Rg8+ Kf7 39. Rh8 Kg7 40. Qc8 Qxc8
41. Rxc8 Rc7 42. Rxc7+ Nxc7 43. Kf1 Kf7 44. Ke2 Nd5 45. Kd3 Ke6 46. g3 Nb4+ 47. Ke4 Na2 48. Nd2 Nc3+ 49. Kd3 Nd5 50. Nc4 Ne7
51. Nd6 Nd5 52. Nc8 a6 53. Nd6 Nb4+ 54. Ke4 Nd5 55. Nf5 Nc3+ 56. Kd3 Nd5 57. Nxh6 Nc7 58. Nf5 Kd7 59. Ke4 Ke6 60. a5 Nd5
61. Ne3 Nc3+ 62. Kd3 Nd5 63. Kc4 Nc7 64. Nc2 Kd7 65. Nb4
1-0

[Event "Winter Tournament 2016/17 1500-2400"]
[Site "SchemingMind.com"]
[Date "2016.12.17"]
[Round "-"]
[White "Janusz Szopa"]
[Black "David Perna-Fraser"]
[Result "1/2-1/2"]
[WhiteCountry "POL"]
[BlackCountry "CAN"]
[WhiteElo "2236"]
[WhiteRD "71"]
[BlackElo "2242"]
[BlackRD "72"]
[GameID "408141"]

1. e4 e5 2. Nf3 Nf6 3. d4 Nxe4 4. Bd3 d5 5. Nxe5 Nd7 6. Qe2 Nxe5 7. Bxe4 dxe4 8. Qxe4 Be6 9. Qxe5 Qd7 10. Be3 Bb4+
11. c3 Bd6 12. Qh5 O-O 13. O-O f5 14. f4 Rae8 15. Qe2 Bf7 16. Qf2 Qb5 17. Re1 Re7 18. b3 Qd3 19. Qd2 Qe4 20. Bf2 Qxf4
21. Qxf4 Rxe1+ 22. Bxe1 Bxf4 23. Bd2 Bd6 24. c4 Rd8 25. Nc3 Bb4 26. Be1 c6 27. Rc1 f4 28. Bf2 g5 29. g3 fxg3 30. hxg3 h6
31. d5 Bxc3 32. Rxc3 cxd5 33. c5 Be8 34. Bd4 Bc6 35. Re3 Re8 36. Rxe8+ Bxe8 37. Kf2 Kf7 38. g4 Bd7 39. Kf3 Bb5 40. Be5 Kg6
41. a4 Bd3 42. b4 Bc2 43. a5 Bd3 44. Ke3 Bc4 45. Bb8 a6 46. Be5 h5 47. gxh5+ Kxh5 48. Bc7 Kg4 49. Bd8 Kf5 50. Bc7 Ke6
51. Bg3 Kd7 52. Kf3 Kc6 53. Kg4 Kb5 54. Be1 Bf1 55. Kxg5 Kc4 56. Kf4 Kd3 57. b5 Bh3 58. c6 bxc6 59. b6 Bc8 60. Ke5 Bb7
61. Kd6 Ba8 62. Kc7 c5 63. Kb8 Bc6 64. Kc7 Ba8 65. Kb8=
1/2-1/2